| 000 | 00695nam a22002417a 4500 | ||
|---|---|---|---|
| 001 | 25816 | ||
| 003 | UA-OsUOA | ||
| 005 | 20210922131337.0 | ||
| 007 | ta | ||
| 008 | 20040428b un ||||| |||| 00| 0 ukr d | ||
| 020 | _a966-574-198-5 | ||
| 040 |
_aUA-OsUOA _bukr _cUA-OsUOA _dUA-OsUOA |
||
| 041 | _aukr | ||
| 044 | _aUA | ||
| 080 | _a368(075) | ||
| 090 |
_a368(075) _bС83 |
||
| 245 |
_aСтрахування _bнавчально-методичний посібник для самостійного вивчення дисципліни _cред. О. О. Гаманкова |
||
| 260 |
_aКиїв _bКНЕУ _c2000 |
||
| 300 | _a120 с. | ||
| 650 | 7 | _2UDC | |
| 942 |
_cBK _2udc |
||
| 955 | _a0 | ||
| 999 |
_c312119 _d312119 |
||